| 000 | 00774pam a2200277 i 4500 | ||
|---|---|---|---|
| 001 | 016303878 | ||
| 003 | Uk | ||
| 005 | 20230406112445.0 | ||
| 008 | 130314r20132012enk 000 f eng|d | ||
| 015 |
_aGBB326979 _2bnb |
||
| 020 |
_a9781444729764 (pbk.) : _c£7.99 |
||
| 040 |
_aStDuBDS _beng _cStDuBDS _dUk _erda |
||
| 042 | _aukblcatcopy | ||
| 082 | 0 | 4 |
_a813.54 _223 |
| 100 | 1 |
_aGrisham, John, _eauthor. |
|
| 245 | 1 | 4 |
_aThe racketeer / _cJohn Grisham. |
| 264 | 1 |
_aLondon : _bHodder & Stoughton, _c2013. |
|
| 300 |
_a386 pages ; _c20 cm. |
||
| 336 |
_atext _2rdacontent. |
||
| 337 |
_aunmediated _2rdamedia. |
||
| 338 |
_avolume _2rdacarrier. |
||
| 500 | _aOriginally published: 2012. | ||
| 500 |
_aFormerly CIP. _5Uk. |
||
| 655 | 0 | _aSuspense fiction. | |
| 942 |
_2ddc _cFIC |
||
| 999 |
_c9520 _d9521 |
||